Applied infrared spectroscopy : (Record no. 7125)

MARC details
000 -LEADER
fixed length control field 01073cam a2200301 i 4500
001 - CONTROL NUMBER
control field 376137
003 - CONTROL NUMBER IDENTIFIER
control field OSt
005 - DATE AND TIME OF LATEST TRANSACTION
control field 20210903154302.0
008 - FIXED-LENGTH DATA ELEMENTS--GENERAL INFORMATION
fixed length control field 781201s1979 nyua b 001 0 eng
010 ## - LIBRARY OF CONGRESS CONTROL NUMBER
LC control number 78027198
020 ## - INTERNATIONAL STANDARD BOOK NUMBER
International Standard Book Number 0471043788
040 ## - CATALOGING SOURCE
Original cataloging agency DLC
Transcribing agency DLC
Modifying agency DLC
050 00 - LIBRARY OF CONGRESS CALL NUMBER
Classification number QD96.I5
Item number S58
060 ## - NATIONAL LIBRARY OF MEDICINE CALL NUMBER
Classification number QD95 S642a
082 00 - DEWEY DECIMAL CLASSIFICATION NUMBER
Classification number 543.5SMI1979
100 1# - MAIN ENTRY--PERSONAL NAME
Personal name Smith, A. Lee
Fuller form of name (Albert Lee),
Dates associated with a name 1924-
9 (RLIN) 14673
245 10 - TITLE STATEMENT
Title Applied infrared spectroscopy :
Remainder of title fundamentals, techniques, and analytical problem-solving /
Statement of responsibility, etc. Edited by Smith,A. Lee
260 ## - PUBLICATION, DISTRIBUTION, ETC. (IMPRINT)
Place of publication, distribution, etc. New York :
Name of publisher, distributor, etc. Wiley,
Date of publication, distribution, etc. c1979.
300 ## - PHYSICAL DESCRIPTION
Extent xi, 322 p. :
Other physical details ill. ;
Dimensions 24 cm.
440 #0 - SERIES STATEMENT/ADDED ENTRY--TITLE
Title Chemical analysis ;
Volume/sequential designation v. 54
9 (RLIN) 14674
500 ## - GENERAL NOTE
General note "A Wiley-Interscience publication."
504 ## - BIBLIOGRAPHY, ETC. NOTE
Bibliography, etc Includes; references and index.
650 #0 - SUBJECT ADDED ENTRY--TOPICAL TERM
Topical term or geographic name as entry element Chemistry
9 (RLIN) 797
856 42 - ELECTRONIC LOCATION AND ACCESS
Materials specified Publisher description
Uniform Resource Identifier <a href="http://www.loc.gov/catdir/description/wiley031/78027198.html">http://www.loc.gov/catdir/description/wiley031/78027198.html</a>
856 4# - ELECTRONIC LOCATION AND ACCESS
Materials specified Table of Contents
Uniform Resource Identifier <a href="http://www.loc.gov/catdir/toc/onix01/78027198.html">http://www.loc.gov/catdir/toc/onix01/78027198.html</a>
906 ## - LOCAL DATA ELEMENT F, LDF (RLIN)
a 7
b cbc
c orignew
d 1
e ocip
f 19
g y-gencatlg
942 ## - ADDED ENTRY ELEMENTS (KOHA)
Source of classification or shelving scheme Dewey Decimal Classification
Koha item type Open Shelf

No items available.